Estructura y función del Paraguay colonial. / (Record no. 18763)
[ view plain ]
| 000 -CABECERA | |
|---|---|
| campo de control de longitud fija | 00837cam a2200229 a 4500 |
| 001 - NÚMERO DE CONTROL | |
| campo de control | 000019245 |
| 005 - FECHA Y HORA DE LA ÚLTIMA TRANSACCIÓN | |
| campo de control | 20200929165947.0 |
| 008 - DATOS DE LONGITUD FIJA--INFORMACIÓN GENERAL | |
| campo de control de longitud fija | 780526s1955 ag 000 0 spa |
| 040 ## - FUENTE DE LA CATALOGACIÓN | |
| Centro catalogador/agencia de origen | DO-SdBNP |
| Lengua de catalogación | spa |
| Centro/agencia transcriptor | DLC |
| Centro/agencia modificador | BNPHU |
| 082 ## - NÚMERO DE LA CLASIFICACIÓN DECIMAL DEWEY | |
| Número de clasificación | 989.203 |
| Número de documento/Ítem | S211e, 1955 |
| 100 1# - ENTRADA PRINCIPAL--NOMBRE DE PERSONA | |
| Nombre de persona | Sánchez Quell, Hipolito, |
| Fechas asociadas al nombre | 1907- |
| 9 (RLIN) | 41414 |
| 245 10 - MENCIÓN DE TÍTULO | |
| Título | Estructura y función del Paraguay colonial. / |
| Mención de responsabilidad, etc. | Hipolito Sánchez Quell. |
| 250 ## - MENCIÓN DE EDICIÓN | |
| Mención de edición | [3. ed., corr. y aumentada] |
| 260 ## - PUBLICACIÓN, DISTRIBUCIÓN, ETC. | |
| Lugar de publicación, distribución, etc. | Buenos Aires, (Argentina) : |
| Nombre del editor, distribuidor, etc. | Editorial Guillermo Kraft, |
| Fecha de publicación, distribución, etc. | [1955]. |
| 300 ## - DESCRIPCIÓN FÍSICA | |
| Extensión | 240 p. : |
| Otras características físicas | map ; |
| Dimensiones | 21 cm. |
| 490 1# - MENCIÓN DE SERIE | |
| Mención de serie | Cupula |
| 504 ## - NOTA DE BIBLIOGRAFÍA, ETC. | |
| Nota de bibliografía, etc. | Incluye referencias bibliográficas |
| 651 #4 - PUNTO DE ACCESO ADICIONAL DE MATERIA--NOMBRE GEOGRÁFICO | |
| Nombre geográfico | Paraguay |
| Subdivisión general | Historia |
| -- | Colonial |
| Subdivisión cronológica | 1811. |
| 9 (RLIN) | 41415 |
| 651 #4 - PUNTO DE ACCESO ADICIONAL DE MATERIA--NOMBRE GEOGRÁFICO | |
| Nombre geográfico | Paraguay |
| Subdivisión general | Historia |
| -- | Descubrimiento Y Conquista |
| Subdivisión cronológica | 1537-1811 |
| 9 (RLIN) | 41416 |
| 830 #0 - PUNTO DE ACCESO ADICIONAL DE SERIE-TÍTULO UNIFORME | |
| Título uniforme | Cupula |
| 9 (RLIN) | 41417 |
| 910 ## - DATOS DE OPCIÓN DEL USUARIO (OCLC) | |
| Datos de opción del usuario | Catalogación derivada / LC |
| Estado de retiro | Estado de pérdida | Restricciones de uso | No para préstamo | Código de colección | Localización permanente | Ubicación/localización actual | Ubicación en estantería | Fecha de adquisición | Número de inventario | Total de préstamos | Signatura topográfica completa | Código de barras | Fecha visto por última vez | Precio válido a partir de | Tipo de ítem Koha |
|---|---|---|---|---|---|---|---|---|---|---|---|---|---|---|---|
| Monografías: Libros y Folletos | General | General | En catalogación | 28.05.2010 | LF1 | 989.203 S211e, 1955 | 19245-10 | 25.06.2020 | 25.06.2020 | Préstamo en sala |
